000 00825nam a2200241 ar4500
001 2960
005 20221127090638.0
008 121111s xxu a 00110|eng d
020 _a9780735625310(pbk) :
_cSR135.00
082 0 4 _a005.5
_bT93 2008
245 0 0 _a2007 Microsoft Office System step by step /
_cJoyce Cox ... [et al.].
246 1 _aTwo thousand seven Microsoft Office System step by step.
250 _a2nd ed.
260 _aRedmond, WA :
_bMicrosoft Press,
_c2008.
300 _aciv, 851 p. :
_bill. ;
_c23 cm.
_e7 CDs.
500 _aCover title : Step by step 2007 Microsoft Office System.
500 _aIncludes index.
500 _aRev. ed. of : 2007.
650 4 _aMicrosoft Office.
650 4 _aBusiness
_xComputer programs.
650 4 _aProject management
_xComputer programs.
700 0 _aCox, Joyce.
999 _c2958
_d2958